Rimay platonizmusához
Elmentve itt :
| Szerző: | |
|---|---|
| Dokumentumtípus: | Cikk |
| Megjelent: |
1929
|
| Sorozat: | Széphalom
3 |
| Kulcsszavak: | Rimay János, Irodalomtudomány |
| Online Access: | http://acta.bibl.u-szeged.hu/20341 |
| LEADER | 00545nab a2200169 i 4500 | ||
|---|---|---|---|
| 001 | acta20341 | ||
| 005 | 20210722152210.0 | ||
| 008 | 161015s1929 hu o 0|| hun d | ||
| 040 | |a SZTE Egyetemi Kiadványok Repozitórium |b hun | ||
| 041 | |a hun | ||
| 100 | 1 | |a Zolnai Béla | |
| 245 | 1 | 0 | |a Rimay platonizmusához |h [elektronikus dokumentum] / |c Zolnai Béla |
| 260 | |c 1929 | ||
| 300 | |a 43-45 | ||
| 490 | 0 | |a Széphalom |v 3 | |
| 695 | |a Rimay János, Irodalomtudomány | ||
| 856 | 4 | 0 | |u http://acta.bibl.u-szeged.hu/20341/1/szephalom_003_043-045.pdf |z Dokumentum-elérés |